Formula One - Grands Prix Without podium - Statistics

General Stats
  • This quiz has been taken 110 times
  • The average score is 4 of 22
Answer Stats
Grand Prix Entered Best Result Answer % Correct
181 4 Nico Hulkenberg
99%
128 4 Adrian Sutil
38%
52 7 Nicholas Latifi
36%
97 8 Marcus Ericsson
23%
59 4 Paul di Resta
22%
83 4 Jonathan Palmer
19%
58 6 Jean Éric Vergne
18%
55 7 Sébastien Buemi
18%
118 4 Pierluigi Martini
17%
51 7 Luca Badoer
15%
74 4 Satoru Nakajima
14%
62 5 Antonio Giovinazzi
13%
59 7 Esteban Gutierrez
12%
98 5 Pedro Diniz
12%
109 5 Philippe Alliot
12%
95 5 Ukyo Katayama
12%
80 6 Vitantonio Liuzzi
12%
81 4 Marc Surer
6%
76 5 Piercarlo Ghinzani
6%
56 4 Alex Caffi
5%
59 5 Erik Comas
5%
57 4 Arturo Merzario
4%
No matching quizzes found
Score Distribution
Percent of People with Each Score
Percentile by Number Answered
Your Score History
You have not taken this quiz